Szczegóły MARC21

Geometry and topology of caustics - CAUSTICS '06 /

003 -Nazwa inst., której nr kontr. jest w polu 001 [,]
    • @
    • Nazwa instytucji, której n kontrolny jest w polu 001
    • NUKAT
005 -DATA I CZAS OSTATNIEJ MODYFIKACJI [,]
    • @
    • pole kontrolne
    • 20241231102007.0
040 -Instytucja sporządzająca opis [ , ]
    • a
    • Instytucja, która sporządziła opis (NP)
    • WR U/kw
    • c
    • Instytucja, która sporządziła rekord (NP)
    • WR U/kw
    • d
    • Instytucja, która zmodyfikowała rekord (P)
    • WR U/dl
    • d
    • Instytucja, która zmodyfikowała rekord (P)
    • LUBL U/tszs
942 -Rodzaj dokumentu [ , ]
    • c
    • Rodzaj dokumentu
    • Książka
111 -Hasło główne - nazwa imprezy [2, ]
    • a
    • Nazwa imprezy (NP)
    • CAUSTICS '06 Find
    • d
    • Data imprezy (NP)
    • (2006 ;
    • c
    • Miejsce imprezy (NP)
    • Warszawa).
    • 9
    • KHW
    • 685854
245 -Strefa tytułu i oznaczenia odpowiedzialności [1,0]
    • a
    • Tytuł
    • Geometry and topology of caustics - CAUSTICS '06 / Find
    • c
    • Pozostałe elementy strefy tytułu i oznaczenia odpowiedzialności (NP)
    • eds. of the volume Stanisław Janeczko, Dirk Siersma, Vladimir Zakalyukin ; Polish Academy of Sciences. Institute of Mathematics.
260 -Strefa adresu wydawniczego [ , ]
    • a
    • Miejsce wydania (P)
    • Warszawa :
    • b
    • Nazwa wydawcy (P)
    • Instytut Matematyczny PAN,
    • c
    • Data wydania (P)
    • 2008.
300 -Strefa opisu fizycznego [ , ]
    • a
    • Określenie formy książki i/lub objętość (NP)
    • 225, [1] s. :
    • b
    • Oznaczenie ilustracji (NP)
    • il. ;
    • c
    • Format (NP)
    • 25 cm.
336 -Typ zawartości [ , ]
    • a
    • Termin opisujący typ zawartości
    • Tekst
    • b
    • Kod określający zawartość
    • txt
    • 2
    • Źródło (terminu i kodu)
    • rdacontent
337 -Typ mediów [ , ]
    • a
    • Tryb odtwarzania
    • Bez urządzenia pośredniczącego
    • b
    • Kod typu mediów
    • n
    • 2
    • Źródło (terminu i kodu)
    • rdamedia
338 -Typ/rodzaj nośnika [ , ]
    • a
    • Hasło opisujące typ nośnika
    • Wolumin
    • b
    • Kod typu nośnika
    • nc
    • 2
    • Źródło (terminu i kodu)
    • rdacarrier
490 -Strefa serii i książki wielotomowej - forma nie do wyszukiwania [1, ]
    • a
    • Tytuł (P)
    • Banach Center Publications, Find
    • x
    • ISSN (NP)
    • 0137-6934 ;
    • v
    • Numeracja (P)
    • 82
830 -Hasło dodatkowe serii i opisu książki wielotomowej - tytuł ujednolicony/tytuł [ ,0]
    • a
    • Tytuł ujednolicony/tytuł (NP)
    • Banach Center Publications
    • x
    • ISSN
    • 0137-6934
    • v
    • Oznaczenie tomu (NP)
    • 82
    • 9
    • KHW
    • 1157
500 -Uwaga ogólna [ , ]
    • a
    • Uwaga ogólna (NP)
    • Na s. 5: "Papers written on the occasion of the [...] Banach Center Symposium on Geometry and Topology of Caustics - CAUSTICS '06 organized in Warsaw from 19 June till 30 June 2006".
504 -Uwaga dot. bibliogr. załącznikowej [ , ]
    • a
    • Uwaga dot. bibliografii załącznikowej
    • Bibliogr. przy rozdz.
080 -Uniwersalna Klasyfikacja Dziesiętna [ , ]
    • 2
    • Identyfikator wydania tablic
    • UDC- P058
    • a
    • Symbol klasyfikacji
    • 514
    • b
    • Dopowiedzenie
    • Geometria.
    • x
    • Poddział wspólny
    • (061)
    • b
    • Dopowiedzenie
    • (Materiały konferencyjne).
    • x
    • Poddział wspólny
    • =111
    • b
    • Dopowiedzenie
    • =Język angielski.
080 -Uniwersalna Klasyfikacja Dziesiętna [ , ]
    • 2
    • Identyfikator wydania tablic
    • UDC- P058
    • a
    • Symbol klasyfikacji
    • 515.1
    • b
    • Dopowiedzenie
    • Topologia. Przestrzenie topologiczne. Przestrzenie analityczne.
    • x
    • Poddział wspólny
    • (061)
    • b
    • Dopowiedzenie
    • (Materiały konferencyjne).
    • x
    • Poddział wspólny
    • =111
    • b
    • Dopowiedzenie
    • =Język angielski.
650 -Hasło przedmiotowe [ ,7]
    • a
    • Hasło przedmiotowe
    • Geometria różniczkowa
    • v
    • Określnik formalny
    • konferencje.
    • 2
    • Źródło terminu
    • kaba
    • 9
    • KHW
    • 367517
650 -Hasło przedmiotowe [ ,7]
    • a
    • Hasło przedmiotowe
    • Optyka geometryczna
    • v
    • Określnik formalny
    • konferencje.
    • 2
    • Źródło terminu
    • kaba
    • 9
    • KHW
    • 685098
650 -Hasło przedmiotowe [ ,7]
    • a
    • Hasło przedmiotowe
    • Topologia różniczkowa
    • v
    • Określnik formalny
    • konferencje.
    • 2
    • Źródło terminu
    • kaba
    • 9
    • KHW
    • 627494
980 -Symbol UKD [ , ]
    • a
    • UKD
    • 514+515.1](061)=111
700 -Hasło dodatkowe - nazwa osobowa [1, ]
    • a
    • Nazwa osobowa (NP)
    • Janeczko, Stanisław Find
    • d
    • Daty biograficzne (NP)
    • (1953- ).
    • e
    • Określenie rodzaju współpracy
    • Red.
    • 9
    • KHW
    • 406161
700 -Hasło dodatkowe - nazwa osobowa [1, ]
    • a
    • Nazwa osobowa (NP)
    • Siersma, Dirk. Find
    • e
    • Określenie rodzaju współpracy
    • Red.
    • 9
    • KHW
    • 685855
700 -Hasło dodatkowe - nazwa osobowa [1, ]
    • a
    • Nazwa osobowa (NP)
    • Zakalûkin, Vladimir Mihajlovič. Find
    • e
    • Określenie rodzaju współpracy
    • Red.
    • 9
    • KHW
    • 685025
Sygnatura Data inwentaryzacji Lokalizacja Numer inwentarzowy Status udost.
N.18821/822009-01-09BGN.192481